000 00994nam a2200301Ia 4500
003 OSt
005 20220912150947.0
006 a|||||r|||| 00| 0
007 ta
008 220909b |||||||| |||| 00| 0 eng d
020 _a3540206221 (hbd)
024 _a12775
037 _b29321, 14/07/2004, Worldwide Book Traders
037 _cTextbook
040 _aCSL
_beng
_cCSL
041 _aeng
082 _aH:(B), P4 TH
100 _aBardossy Gyorgy
245 0 _aEvaluation of uncertainties and risks in geology: new mathematical approaches for their handling
260 _aBerlin
_bSpringer-Verlag
_c2004
300 _axi, 221p.
_ccm.
500 _aBibliographical references 201-210p.
_ccm.; Glossary 211-216p.
_ccm.; Index 217-221p.
_ccm.
650 _a Mathematics
650 _aGeology
700 _a Fodor Janos
942 _hH:(B), P4 TH
_cTB
_2CC
999 _c58179
_d58179